Japan versus Europe: a history of misunderstanding (Record no. 333)

MARC details
000 -LEADER
fixed length control field 00694nam a2200169 a 4500
008 - FIXED-LENGTH DATA ELEMENTS--GENERAL INFORMATION
fixed length control field 120713s1983 ||||||||||||||||| || u
050 ## - LIBRARY OF CONGRESS CALL NUMBER
Classification number HF 1601 Wil
100 ## - MAIN ENTRY--PERSONAL NAME
Personal name Wilkinson, Endymion
245 10 - TITLE STATEMENT
Title Japan versus Europe: a history of misunderstanding
Statement of responsibility, etc. Endymion Wilkinson
260 ## - PUBLICATION, DISTRIBUTION, ETC.
Place of publication, distribution, etc. Harmondsworth, Middlesex
Name of publisher, distributor, etc. Penguin
Date of publication, distribution, etc. 1983
300 ## - PHYSICAL DESCRIPTION
Extent 288p.: ill.
500 ## - GENERAL NOTE
General note Bibliography
650 ## - SUBJECT ADDED ENTRY--TOPICAL TERM
Topical term or geographic name entry element EUROPE--FOREIGN ECONOMIC RELATIONS--JAPAN
650 ## - SUBJECT ADDED ENTRY--TOPICAL TERM
Topical term or geographic name entry element JAPAN--FOREIGN ECONOMIC RELATIONS--EUROPE
650 ## - SUBJECT ADDED ENTRY--TOPICAL TERM
Topical term or geographic name entry element JAPAN--FOREIGN ECONOMIC RELATIONS
995 ## -
-- SPECIAL COLLECTIONS
-- 500074
-- CBU-DAG HAMMARSKJOLD INSTITUTE LIBRARY
-- DAG HF 1601 Wil
-- 1
-- AVAILABLE
-- Sep 21, 2012
-- 500074
-- DHIPS Book Collection
999 ## -
-- 333
-- 333
Holdings
Withdrawn status Lost status Source of classification or shelving scheme Damaged status Not for loan Permanent Location Current Location Shelving location Date acquired Total Checkouts Full call number Barcode Date last seen Price effective from Koha item type
          CBU-DAG HAMMARSKJOLD INSTITUTE CBU-DAG HAMMARSKJOLD INSTITUTE   11/28/2022   HF 1601 Wil 500074 11/28/2022 11/28/2022 MONOGRAPH